00310nam a22001217a 4500020001800000041001200018082001400030100002100044245003300065260004400098300000700142650003900149 a2-8254-0623-6 aEnglish a839.31164 aOosterhuis, Huub aThe Children of the Poor Man aGenevabWorld Council of Churchesc1980 a55 aViolence-Moral and Ethical aspects